<?xml version="1.0" encoding="UTF-8"?>
<record
    xmlns:xsi="http://www.w3.org/2001/XMLSchema-instance"
    xsi:schemaLocation="http://www.loc.gov/MARC21/slim http://www.loc.gov/standards/marcxml/schema/MARC21slim.xsd"
    xmlns="http://www.loc.gov/MARC21/slim">

  <leader>01326nam a22002177a 4500</leader>
  <controlfield tag="005">20210414114015.0</controlfield>
  <controlfield tag="008">120614t        xxu||||| |||| 00| 0 eng d</controlfield>
  <datafield tag="020" ind1=" " ind2=" ">
    <subfield code="a">0071151001</subfield>
  </datafield>
  <datafield tag="050" ind1=" " ind2=" ">
    <subfield code="a">HF5657.4.G37</subfield>
  </datafield>
  <datafield tag="100" ind1=" " ind2=" ">
    <subfield code="a">Garrison, Ray E.</subfield>
  </datafield>
  <datafield tag="245" ind1=" " ind2=" ">
    <subfield code="a">Managerial accounting. /</subfield>
    <subfield code="c">Ray H Garrison and Eric W. Noreen</subfield>
  </datafield>
  <datafield tag="250" ind1=" " ind2=" ">
    <subfield code="a">10th edition</subfield>
  </datafield>
  <datafield tag="260" ind1=" " ind2=" ">
    <subfield code="a">New York:</subfield>
    <subfield code="b">McGraw-Hill,</subfield>
    <subfield code="c">2003.</subfield>
  </datafield>
  <datafield tag="300" ind1=" " ind2=" ">
    <subfield code="a">xxiv, 838 p.:</subfield>
    <subfield code="b">ill.;</subfield>
    <subfield code="c">29 cm.</subfield>
  </datafield>
  <datafield tag="500" ind1=" " ind2=" ">
    <subfield code="a">Includes index.</subfield>
  </datafield>
  <datafield tag="505" ind1=" " ind2=" ">
    <subfield code="a">Contents: Managerial accounting and the business environment -- Cost terms, concepts and classification -- Systems design: job-order costing -- Systems design: process costing -- Cost behaviour: analysis and use -- Cost volume-profit relationships -- Variable costing: a tool for management -- Activity based costing: a tool to aid decision making -- Profit plannig -- Standard cost and the balances scorecard -- Flexible budgets and overhead analysis -- Segment reporting and decentralization -- Relevant costs for decision making -- Capital budgeting decisions -- Service department costing: an activity approach -- How well am i doing? statement of cash flows -- Financial statement analysis -- Appendix.</subfield>
  </datafield>
  <datafield tag="650" ind1=" " ind2=" ">
    <subfield code="a">Managerial accounting</subfield>
    <subfield code="x">Management accounting</subfield>
  </datafield>
  <datafield tag="650" ind1=" " ind2=" ">
    <subfield code="a">Cost accounting</subfield>
  </datafield>
  <datafield tag="700" ind1=" " ind2=" ">
    <subfield code="a">Noreen, Eric W.</subfield>
  </datafield>
  <datafield tag="942" ind1=" " ind2=" ">
    <subfield code="2">lcc</subfield>
    <subfield code="c">BK</subfield>
  </datafield>
  <datafield tag="999" ind1=" " ind2=" ">
    <subfield code="c">1324</subfield>
    <subfield code="d">8824</subfield>
  </datafield>
  <datafield tag="952" ind1=" " ind2=" ">
    <subfield code="0">0</subfield>
    <subfield code="1">0</subfield>
    <subfield code="2">lcc</subfield>
    <subfield code="4">0</subfield>
    <subfield code="7">0</subfield>
    <subfield code="a">WIUC-1</subfield>
    <subfield code="b">WIUC-1</subfield>
    <subfield code="c">GEN</subfield>
    <subfield code="d">2012-06-14</subfield>
    <subfield code="l">0</subfield>
    <subfield code="o">HF5657.4.G37</subfield>
    <subfield code="p">3697/12</subfield>
    <subfield code="r">2012-06-14 00:00:00</subfield>
    <subfield code="t">1</subfield>
    <subfield code="w">2012-06-14</subfield>
    <subfield code="y">BK</subfield>
  </datafield>
</record>
